| 000 | 00840am a2200277a 44500 | ||
|---|---|---|---|
| 003 | AR-BaBNM | ||
| 005 | 20251128204033.0 | ||
| 008 | 306019s1968 #AR|||||||||||000 | esp|| | ||
| 040 | _cAR-BaBNM | ||
| 110 | 1 |
_aArgentina _bDirección Nacional de Educación Física, Deportes y Recreación |
|
| 245 | 1 | 0 |
_aEducación física infantil _n2 |
| 250 | _a1ª ed. | ||
| 260 |
_aBuenos Aires _bDirección Nacional de Educación Física, Deportes y Recreación _c1968 |
||
| 300 |
_ap. 165-328 _bil. |
||
| 650 | 4 | _aEDUCACION FISICA | |
| 650 | 4 | _aDESARROLLO DEL NIÑO | |
| 650 | 4 | _aDESARROLLO MOTOR | |
| 650 | 4 | _aDESARROLLO DE DESTREZAS | |
| 650 | 4 | _aACTIVIDADES EN GRUPO | |
| 650 | 4 | _aPROGRAMAS DE ENSEÑANZA | |
| 650 | 4 | _aNATACION | |
| 650 | 4 | _aACTIVIDADES DEPORTIVAS | |
| 653 | _aEDUCACION PRIMARIA | ||
| 942 | _cBK | ||
| 998 | _cCarmen | ||
| 999 |
_c5900 _d5900 |
||